Advances in chemical physics / (Record no. 13315)

MARC details
000 -LEADER
fixed length control field 01336cac a2200337 i 4500
001 - CONTROL NUMBER
control field 11151014
003 - CONTROL NUMBER IDENTIFIER
control field EG-ScBUE
005 - DATE AND TIME OF LATEST TRANSACTION
control field 20250727092527.0
008 - FIXED-LENGTH DATA ELEMENTS--GENERAL INFORMATION
fixed length control field 740624t1987 nyua f b 001 0 eng d
020 ## - INTERNATIONAL STANDARD BOOK NUMBER
International Standard Book Number 0471849014
035 ## - SYSTEM CONTROL NUMBER
System control number (OCoLC)ocm00928160
040 ## - CATALOGING SOURCE
Original cataloging agency EG-ScBUE
Language of cataloging eng
Description conventions rda
Transcribing agency EG-ScBUE
Modifying agency EG-ScBUE
082 04 - DEWEY DECIMAL CLASSIFICATION NUMBER
Edition number 22
Classification number 541.3
Item number ADV
245 00 - TITLE STATEMENT
Title Advances in chemical physics /
Statement of responsibility, etc edited by I. Prigogine, University of Brussels, Brussels, Belgium and University of Texas, Austin, Texas, and Stuart A. Rice, Department of Chemistry and The James Frank Institute, The University of Chicago, Chicago, Illinois.
246 30 - VARYING FORM OF TITLE
Title proper/short title Chemical physics
264 #1 - PUBLICATION, DISTRIBUTION, ETC. (IMPRINT)
Place of publication, distribution, etc New York :
Name of publisher, distributor, etc John Wiley & Sons,
Date of publication, distribution, etc [1987]
264 #4 - PUBLICATION, DISTRIBUTION, ETC. (IMPRINT)
Date of publication, distribution, etc c1987
300 ## - PHYSICAL DESCRIPTION
Extent ix, 412 pages :
Other physical details illustrations ;
Dimensions 22 cm.
336 ## - CONTENT TYPE
Source rdacontent
Content type term text
Content type code txt
337 ## - MEDIA TYPE
Media type term unmediated
Source rdamedia
Media type code n
338 ## - CARRIER TYPE
Carrier type term volume
Carrier type code nc
Source rdacarrier
490 0# - SERIES STATEMENT
Series statement Advances in chemical physics ;
Volume number/sequential designation volume LXVIII
500 ## - GENERAL NOTE
General note "An Interscience publication."
504 ## - BIBLIOGRAPHY, ETC. NOTE
Bibliography, etc Includes bibliographical references and index.<br/>
650 #7 - SUBJECT ADDED ENTRY--TOPICAL TERM
9 (RLIN) 11111
Topical term or geographic name as entry element Chemistry, Physical and theoretical.
Source of heading or term BUEsh
655 ## - INDEX TERM--GENRE/FORM
Form subdivision Reading book
700 1# - ADDED ENTRY--PERSONAL NAME
9 (RLIN) 11107
Personal name Prigogine, I.
Fuller form of name (Ilya),
Relator term editor.
700 1# - ADDED ENTRY--PERSONAL NAME
9 (RLIN) 11108
Personal name Rice, Stuart Alan,
Dates associated with a name 1932-2024,
Relator term editor.
942 ## - ADDED ENTRY ELEMENTS (KOHA)
Source of classification or shelving scheme Dewey Decimal Classification
Koha item type Book - Borrowing
Holdings
Withdrawn status Lost status Source of classification or shelving scheme Damaged status Not for loan Collection code Home library Current library Shelving location Date acquired Source of acquisition Total Checkouts Full call number Barcode Date last seen Koha item type
    Dewey Decimal Classification     Baccah Central Library Central Library First floor 08/02/2010 Purchase   541.3 ADV 000019687 15/07/2025 Book - Borrowing